[Event "Andorra open"]
[Site "Escaldes"]
[Date "2023.07.27"]
[Round "6.7"]
[White "Christiansen, Johan-Sebastian"]
[Black "Ventura Bolet, Alexandre"]
[Result "1-0"]
[WhiteElo "2603"]
[BlackElo "2227"]
[PlyCount "91"]
[EventDate "2023.07.22"]
[EventCountry "AND"]

1. e4 Nf6 2. e5 Nd5 3. d4 d6 4. Nf3 dxe5 5. Nxe5 c6 6. Bd3 g6 7. O-O Bg7 8. Re1
O-O 9. h3 Nd7 10. Nf3 c5 11. Nc3 Nxc3 12. bxc3 Re8 13. Bg5 Nf6 14. Bc4 Qc7 15.
Ne5 Rf8 16. Bf4 cxd4 17. Qxd4 Nh5 18. Bh2 Be6 19. Bxe6 fxe6 20. Qg4 Qb6 21. Nd3
Rf5 22. Qc4 Rd5 23. Rab1 Qc6 24. Qxc6 bxc6 25. Rxe6 c5 26. g4 c4 27. Ne5 Bxe5
28. Rxe5 Rxe5 29. Bxe5 Nf6 30. Rb7 Kf7 31. Rc7 Rb8 32. Rxe7+ Kxe7 33. Bxb8 a6
34. Be5 Nd5 35. Kg2 Ke6 36. f4 g5 37. Kf3 gxf4 38. Bd4 Kd6 39. Ke4 Ke6 40. h4
Kd6 41. g5 Ke6 42. h5 Ne7 43. Kxf4 Nf5 44. a3 h6 45. gxh6 Nxh6 46. Kg5 1-0

[Event "Andorra open"]
[Site "Escaldes"]
[Date "2023.07.27"]
[Round "6.8"]
[White "Serra Pages, Jordi"]
[Black "Almeida Quintana, Omar"]
[Result "0-1"]
[WhiteElo "2175"]
[BlackElo "2508"]
[PlyCount "90"]
[EventDate "2023.07.22"]
[EventCountry "AND"]

1. d4 d6 2. g3 Nf6 3. Bg2 g6 4. Nf3 Bg7 5. O-O O-O 6. c4 Bf5 7. Nc3 Ne4 8. Nh4
Nxc3 9. bxc3 Bc8 10. a4 a5 11. Ba3 Nd7 12. Qb3 c5 13. Nf3 Qc7 14. Rab1 Ra6 15.
Qb5 Nb6 16. dxc5 dxc5 17. Rb3 Bd7 18. Qxc5 Qxc5 19. Bxc5 Nxa4 20. Bd4 b6 21.
Ne5 Bxe5 22. Bxe5 Nc5 23. Ra3 Rc8 24. Rb1 Bf5 25. Rd1 Ra7 26. h3 a4 27. Rd2 Ra5
28. Bd4 Be6 29. Rb2 Bxc4 30. Rxb6 Bxe2 31. Rb4 Bd1 32. Bf1 Ne6 33. Be3 Nc7 34.
Rc4 Raa8 35. Rc5 Ne8 36. Bb5 Nd6 37. Bd3 Bb3 38. Kf1 f6 39. Ke2 Kf7 40. h4 e5
41. f3 Ke6 42. Kd2 f5 43. g4 f4 44. Bf2 Bd5 45. Ke2 Rcb8 0-1

[Event "Andorra open"]
[Site "Escaldes"]
[Date "2023.07.27"]
[Round "6.9"]
[White "Kogan, Arthur"]
[Black "Nielsen, Andre"]
[Result "1-0"]
[WhiteElo "2482"]
[BlackElo "2211"]
[PlyCount "89"]
[EventDate "2023.07.22"]
[EventCountry "AND"]

1. d4 Nf6 2. Nf3 e6 3. Bg5 h6 4. Bh4 b6 5. Nbd2 Bb7 6. e3 Be7 7. Bd3 d6 8. e4
Nh5 9. Bg3 Nd7 10. Qe2 a6 11. c3 c5 12. d5 e5 13. a4 O-O 14. O-O g6 15. Ne1 Ng7
16. f4 exf4 17. Bxf4 Kh7 18. Qe3 Ne5 19. Bxe5 dxe5 20. Nef3 c4 21. Nxc4 Bc5 22.
Nd4 exd4 23. cxd4 Be7 24. Ne5 Bf6 25. Nd7 Qxd7 26. Rxf6 Qe7 27. Rxb6 Bxd5 28.
Re1 Bb7 29. d5 Rfe8 30. Bc4 Rab8 31. e5 Qc7 32. Qd4 Nf5 33. d6 Qc8 34. d7 Qd8
35. Bxf7 Nxd4 36. Bxg6+ Kg7 37. dxe8=Q Nf3+ 38. Kf1 Nxh2+ 39. Ke2 Qc7 40. Qf7+
Qxf7 41. Bxf7 Kxf7 42. a5 Ke7 43. Rc1 Kd8 44. Rd6+ Ke8 45. Rxh6 1-0

[Event "Andorra open"]
[Site "Escaldes"]
[Date "2023.07.27"]
[Round "6.10"]
[White "Webb, Laurence E"]
[Black "Shyaamnikhil, P."]
[Result "0-1"]
[WhiteElo "2171"]
[BlackElo "2473"]
[PlyCount "82"]
[EventDate "2023.07.22"]
[EventCountry "AND"]

1. d4 Nf6 2. Nf3 c5 3. d5 b5 4. Bg5 Ne4 5. Bh4 Bb7 6. e3 g6 7. c3 Qb6 8. Qd3 f5
9. Nbd2 Nd6 10. e4 Bg7 11. Be2 c4 12. Qc2 fxe4 13. Nxe4 Bxd5 14. Nxd6+ Qxd6 15.
O-O Nc6 16. Rad1 Qc5 17. Ng5 Ne5 18. a4 O-O 19. axb5 Qxb5 20. Bg3 e6 21. h4 a5
22. Bxe5 Bxe5 23. Bf3 Bxf3 24. Nxf3 Bc7 25. Rd4 Rab8 26. Rfd1 d5 27. Rg4 Rf6
28. Rd2 Qb3 29. Qc1 h5 30. Rgd4 Bb6 31. Re2 Bxd4 32. Nxd4 Qb6 33. Qg5 Rbf8 34.
g4 Kh7 35. gxh5 gxh5 36. Kh1 Qd6 37. Qxh5+ Rh6 38. Qg4 Rff6 39. Qg3 Rxh4+ 40.
Kg2 Rg4 41. Rxe6 Rxf2+ 0-1

[Event "Andorra open"]
[Site "Escaldes"]
[Date "2023.07.22"]
[Round "1.11"]
[White "Najar Arrieta, Oriol"]
[Black "Kogan, Arthur"]
[Result "1/2-1/2"]
[WhiteElo "1897"]
[BlackElo "2482"]
[PlyCount "97"]
[EventDate "2023.07.22"]
[EventCountry "AND"]

{[%evp 0,96,19,38,72,47,81,41,42,14,10,4,11,27,21,-4,43,12,9,-22,-22,-18,10,2,
2,15,-14,31,30,26,104,77,80,82,78,70,113,125,134,91,139,110,132,137,124,131,91,
81,73,64,110,110,187,171,221,205,215,185,194,191,191,190,204,209,219,231,248,
253,252,250,258,229,215,211,206,219,218,221,213,226,213,204,200,205,205,205,
205,205,205,206,209,209,209,216,212,206,218,226,224]} 1. e4 e5 2. Nf3 Nc6 3.
Bb5 Nf6 4. d3 Bc5 5. O-O Nd4 6. Nxd4 Bxd4 7. c3 Bb6 8. Nd2 c6 9. Ba4 O-O 10.
Re1 d6 11. h3 Re8 12. Nf1 d5 13. Qf3 dxe4 14. dxe4 h6 15. Ng3 Be6 16. Nf5 Bxf5
17. Qxf5 g6 18. Qf3 Kg7 19. g3 Qe7 20. Bd2 Rad8 21. Rad1 Rd7 22. Kg2 Red8 23.
Bc1 Rxd1 24. Rxd1 Rxd1 25. Bxd1 a5 26. Bb3 Nh7 27. Qe2 Qd6 28. a3 Nf8 29. Bc4
Ne6 30. b4 axb4 31. axb4 Ba7 32. Qa2 Bb6 33. Bxe6 Qxe6 34. Qa8 Qf6 35. f3 Qd8
36. Qxd8 Bxd8 37. c4 b5 38. c5 h5 39. Bb2 f6 40. h4 Bc7 41. g4 hxg4 42. fxg4 g5
43. h5 Kh6 44. Kf3 Bb8 45. Bc1 Bc7 46. Be3 Bb8 47. Bc1 Bc7 48. Be3 Bb8 49. Bc1
1/2-1/2

[Event "Andorra open"]
[Site "Escaldes"]
[Date "2023.07.27"]
[Round "6.12"]
[White "Martinez Martinez, Mateo"]
[Black "Arpan, Das (Jr)"]
[Result "0-1"]
[WhiteElo "2093"]
[BlackElo "2365"]
[PlyCount "92"]
[EventDate "2023.07.22"]
[EventCountry "AND"]

1. d4 d5 2. c4 dxc4 3. Nf3 Nf6 4. e3 e6 5. Bxc4 c5 6. O-O a6 7. Bb3 b5 8. a4
Bb7 9. axb5 axb5 10. Rxa8 Bxa8 11. Qe2 c4 12. Bc2 Nbd7 13. b3 cxb3 14. Bxb3 Qb8
15. Nbd2 Be7 16. Bb2 O-O 17. Rc1 h6 18. e4 Re8 19. Qd3 Qb7 20. Bc2 g6 21. Bb1
Bf8 22. h4 Rd8 23. Qb3 Bg7 24. e5 Nd5 25. g3 b4 26. h5 g5 27. Qd3 f5 28. exf6
N5xf6 29. Qb3 Nf8 30. g4 Nxg4 31. Be4 Qf7 32. Bxa8 Rxa8 33. Qxb4 Rd8 34. Qb6
Rd5 35. Rc7 Qxh5 36. Qa7 Qg6 37. Ba3 Rf5 38. Kg2 Nxf2 39. Ne5 Bxe5 40. dxe5 Nd3
41. Ne4 Nxe5 42. Bb2 Rf7 43. Nd6 Nc6 44. Qc5 Rxc7 45. Qc3 e5 46. Qc4+ Qe6 0-1

[Event "Andorra open"]
[Site "Escaldes"]
[Date "2023.07.27"]
[Round "6.13"]
[White "Vestby-Ellingsen, Mads"]
[Black "Ferey, Antonin"]
[Result "1-0"]
[WhiteElo "2358"]
[BlackElo "2181"]
[PlyCount "55"]
[EventDate "2023.07.22"]
[EventCountry "AND"]

1. d4 Nf6 2. Bg5 e6 3. Nd2 c5 4. e3 d5 5. c3 Be7 6. Bd3 Nbd7 7. f4 b6 8. Ngf3
Bb7 9. Ne5 O-O 10. Qf3 Nxe5 11. dxe5 Nd7 12. Qh3 g6 13. Bh6 Re8 14. O-O Qc8 15.
Rfe1 Ba6 16. Bb1 b5 17. Nf3 b4 18. f5 bxc3 19. bxc3 Nxe5 20. Nxe5 exf5 21. Nf3
Bf6 22. Rc1 Rb8 23. Qg3 Qd7 24. Bc2 Rb2 25. Rab1 Rxa2 26. Rb8 Bc4 27. Qd6 Rxc2
28. Qf8+ 1-0

[Event "Andorra open"]
[Site "Escaldes"]
[Date "2023.07.27"]
[Round "6.14"]
[White "Romero Pallares, Daniel"]
[Black "Thakur, Akash"]
[Result "1-0"]
[WhiteElo "2275"]
[BlackElo "2193"]
[PlyCount "73"]
[EventDate "2023.07.22"]
[EventCountry "AND"]

1. e4 e5 2. Nf3 Nc6 3. Bc4 Bc5 4. c3 Nf6 5. d4 exd4 6. cxd4 Bb4+ 7. Nbd2 Nxe4
8. d5 Ne7 9. O-O Nf6 10. a3 Bd6 11. Nb1 O-O 12. Nc3 Ng6 13. Nb5 Be7 14. d6 cxd6
15. Nxd6 Qc7 16. Nxc8 Raxc8 17. Bb3 d5 18. Bg5 Rfd8 19. Nd4 Ne4 20. Be3 a6 21.
Qh5 Qe5 22. Qe2 Bf6 23. Rad1 Nc5 24. Bc2 Nf4 25. Qf3 Nce6 26. Rfe1 Nxd4 27.
Bxd4 Qg5 28. Bb6 Rd6 29. Bc7 Nxg2 30. Qxg2 Qxg2+ 31. Kxg2 Re6 32. Bf5 Rxc7 33.
Bxe6 fxe6 34. Rxe6 Bxb2 35. Rxd5 Bxa3 36. h4 Bc5 37. h5 {resto ilegible} 1-0

[Event "Andorra open"]
[Site "Escaldes"]
[Date "2023.07.27"]
[Round "6.15"]
[White "Krivenko, Dion"]
[Black "Cano Sevilla, Ivan"]
[Result "1/2-1/2"]
[WhiteElo "2250"]
[BlackElo "2074"]
[PlyCount "98"]
[EventDate "2023.07.22"]
[EventCountry "AND"]

1. e4 c5 2. Nf3 g6 3. c3 Bg7 4. d4 cxd4 5. cxd4 d5 6. e5 Bg4 7. Qb3 Qb6 8. Bb5+
Nc6 9. Nbd2 e6 10. a4 a6 11. Bxc6+ Qxc6 12. O-O Ne7 13. h3 Bxf3 14. Nxf3 O-O
15. Bg5 Qd7 16. Rfc1 Nc6 17. Qb6 a5 18. Rc3 Rfc8 19. Rac1 Bf8 20. h4 Bb4 21.
R3c2 Bf8 22. h5 h6 23. Be3 g5 24. Qb5 Qe7 25. Nh2 Qb4 26. Qd3 Ne7 27. Ng4 Bg7
28. Rc7 Rxc7 29. Rxc7 Rc8 30. Rxc8+ Nxc8 31. b3 Ne7 32. Bd2 Qb6 33. f4 gxf4 34.
Bxf4 Nf5 35. Be3 Qb4 36. Bf2 Qe7 37. Ne3 Nxe3 38. Qxe3 Qc7 39. Qd2 b6 40. Be3
Kh7 41. g4 Qe7 42. g5 hxg5 43. Bxg5 f6 44. Bh4 Qf7 45. Qc2+ Kg8 46. Qg2 Kh7 47.
Qc2+ Kg8 48. Qc8+ Kh7 49. Qc2+ Kg8 1/2-1/2

[Event "Andorra open"]
[Site "Escaldes"]
[Date "2023.07.27"]
[Round "6.16"]
[White "Gomez Anadon, Daniel"]
[Black "Ayats Llobera, Gerard"]
[Result "1/2-1/2"]
[WhiteElo "2127"]
[BlackElo "2452"]
[PlyCount "74"]
[EventDate "2023.07.22"]
[EventCountry "AND"]

1. e4 g6 2. d4 Bg7 3. Nc3 d6 4. Nf3 Nf6 5. h3 O-O 6. Be3 a6 7. a4 b6 8. Qd2 Bb7
9. Bd3 e6 10. O-O Nbd7 11. Rfe1 c5 12. Bh6 cxd4 13. Nxd4 Nc5 14. Bxg7 Kxg7 15.
b4 Nxd3 16. cxd3 Nh5 17. a5 b5 18. Rac1 Rc8 19. Nce2 Qe7 20. Rxc8 Rxc8 21. Rc1
Rxc1+ 22. Qxc1 e5 23. Nb3 Qe6 24. Qc3 Nf6 25. f3 Ne8 26. d4 f6 27. d5 Qe7 28.
Qe3 f5 29. Qa7 fxe4 30. fxe4 Nf6 31. Nc3 Qd7 32. Nd2 h6 33. Qb6 Ne8 34. Nb3 Nf6
35. Nd2 Bc8 36. Qb8 Ne8 37. Ne2 Nf6 1/2-1/2

[Event "Andorra open"]
[Site "Escaldes"]
[Date "2023.07.27"]
[Round "6.17"]
[White "Ellis, Antoine"]
[Black "Martinez Pla, Xavier"]
[Result "1-0"]
[WhiteElo "2084"]
[BlackElo "2268"]
[PlyCount "95"]
[EventDate "2023.07.22"]
[EventCountry "AND"]

1. d4 Nf6 2. c4 e6 3. Nf3 b6 4. g3 Bb7 5. Bg2 Be7 6. O-O O-O 7. Re1 Na6 8. h4
Qc8 9. Nc3 Ne4 10. Bd2 f5 11. d5 Nac5 12. b4 Nxc3 13. Bxc3 Ne4 14. Qc2 exd5 15.
cxd5 Bxd5 16. Bb2 c6 17. Qd3 Qe8 18. Bh3 Bxb4 19. Rf1 Bc5 20. Nd4 Qh5 21. e3
Rae8 22. Ne2 Bd6 23. Bg2 Kh8 24. a4 Nc5 25. Qd1 Bxg2 26. Kxg2 Be5 27. Bxe5 Rxe5
28. Qd6 Qe8 29. Nf4 Qe7 30. Qc7 Re4 31. Qxa7 Rb4 32. Rad1 Rxa4 33. Qxb6 Re8 34.
h5 Ne6 35. h6 Nxf4+ 36. exf4 Re4 37. hxg7+ Qxg7 38. Qc7 R4e7 39. Rd6 Rg8 40.
Rfd1 Re2 41. R1d3 Qb2 42. Rf3 Rd2 43. Rxd7 Rxd7 44. Qxd7 Qf6 45. Re3 Rd8 46.
Qc7 Kg8 47. Re7 h6 48. Qxd8+ 1-0

[Event "Andorra open"]
[Site "Escaldes"]
[Date "2023.07.27"]
[Round "6.18"]
[White "Ribera Veganzones, Serni"]
[Black "Persson, Andreas"]
[Result "0-1"]
[WhiteElo "2259"]
[BlackElo "2135"]
[PlyCount "142"]
[EventDate "2023.07.22"]
[EventCountry "AND"]

1. e4 c6 2. Nf3 d5 3. d3 dxe4 4. dxe4 Qxd1+ 5. Kxd1 Nf6 6. Nbd2 Nbd7 7. Ne1 Nc5
8. f3 g6 9. Nc4 Be6 10. Be3 O-O-O+ 11. Kc1 Nfd7 12. Be2 Bg7 13. a4 b6 14. Ra3
Kb7 15. c3 h5 16. b4 Na6 17. Nc2 c5 18. bxc5 Ndxc5 19. Nd4 Bd7 20. a5 b5 21.
Nb2 Nc7 22. Rd1 a6 23. Nf5 gxf5 24. Bxc5 Bf6 25. e5 Bg5+ 26. Kc2 Bc6 27. Nd3
Nd5 28. Nb4 Ne3+ 29. Bxe3 Bxe3 30. Nxc6 Rxd1 31. Bxd1 Kxc6 32. c4 Bf4 33. cxb5+
Kxb5 34. Be2+ Kb4 35. Rb3+ Kxa5 36. Ra3+ Kb4 37. Rxa6 Rc8+ 38. Kb1 Rc1+ 39. Kb2
Re1 40. Bd3 Bxe5+ 41. Kc2 e6 42. Rb6+ Kc5 43. Rb5+ Kd4 44. Kd2 Rg1 45. Rb4+ Kd5
46. Rb5+ Kd6 47. g3 Rg2+ 48. Ke3 Rxh2 49. f4 Bc3 50. Rb1 Ke7 51. Kf3 Bd4 52.
Rf1 Kd6 53. Bb1 Kd5 54. Bd3 Bb6 55. Ba6 Bc5 56. Bb7+ Kc4 57. Rc1+ Kb4 58. Rb1+
Ka5 59. Rf1 Kb6 60. Bc8 Kc7 61. Ba6 Kd6 62. Rd1+ Ke7 63. Rf1 f6 64. Bd3 Bd4 65.
Bc4 e5 66. Bd3 e4+ 67. Bxe4 fxe4+ 68. Kxe4 Bf2 69. Kf3 Bc5 70. Ke4 Ke6 71. Kf3
Kf5 0-1

[Event "Andorra open"]
[Site "Escaldes"]
[Date "2023.07.27"]
[Round "6.19"]
[White "Hristodorescu, Daniel"]
[Black "Urriza Iricibar, Pablo"]
[Result "0-1"]
[WhiteElo "2104"]
[BlackElo "2257"]
[PlyCount "120"]
[EventDate "2023.07.22"]
[EventCountry "AND"]

1. e4 c5 2. Nf3 d6 3. Bb5+ Nd7 4. O-O a6 5. Bd3 Ngf6 6. Re1 g6 7. c3 Bg7 8. Bc2
O-O 9. d4 Qc7 10. d5 Ng4 11. h3 Nge5 12. Nh2 b5 13. f4 Nc4 14. Nf3 Bb7 15. Bd3
Ncb6 16. Be3 Rfe8 17. Nbd2 e6 18. dxe6 Rxe6 19. Ng5 Re7 20. h4 Nf6 21. h5 Nxh5
22. Nh3 Rae8 23. Bf2 c4 24. Bc2 Nd7 25. Bh4 Bf6 26. Bxf6 Nhxf6 27. Nf2 Nh5 28.
Qf3 f5 29. g4 Nhf6 30. gxf5 gxf5 31. Kh2 Kh8 32. b3 cxb3 33. Nxb3 fxe4 34. Qe3
Qb6 35. Nd4 Qc5 36. f5 Qe5+ 37. Qg3 Qxg3+ 38. Kxg3 e3 39. Nd3 Rg7+ 40. Kh3 Rg5
41. Nf4 Nd5 42. Kh4 Rgg8 43. Nfe6 N7f6 44. Bd1 Rg2 45. Bf3 Rh2+ 46. Kg3 Rh6 47.
Ng5 Rg8 48. Nde6 Bc8 49. Bxd5 Nxd5 50. Rh1 Rxh1 51. Rxh1 Nf6 52. Kf4 Bxe6 53.
fxe6 Nd5+ 54. Kf5 Rg7 55. a4 e2 56. axb5 axb5 57. Ra1 Nxc3 58. Re1 Kg8 59. Ne4
Nxe4 60. Kxe4 Rg5 0-1

[Event "Andorra open"]
[Site "Escaldes"]
[Date "2023.07.27"]
[Round "6.20"]
[White "Lubbe, Melanie"]
[Black "Palomo Teruel, Xavier"]
[Result "1/2-1/2"]
[WhiteElo "2256"]
[BlackElo "2096"]
[PlyCount "124"]
[EventDate "2023.07.22"]
[EventCountry "AND"]

1. e4 e5 2. Nf3 Nc6 3. Bc4 Bc5 4. O-O Nf6 5. d3 O-O 6. c3 d5 7. exd5 Nxd5 8. b4
Be7 9. b5 Na5 10. Nxe5 Nxc4 11. Nxc4 Bf6 12. d4 a6 13. bxa6 b5 14. Ncd2 Rxa6
15. Ne4 Be7 16. Qd3 f5 17. Nc5 Bxc5 18. dxc5 Rg6 19. Rd1 Bb7 20. f3 Qh4 21. a4
bxa4 22. Ra2 Bc6 23. Na3 Nf4 24. Bxf4 Qxf4 25. Qc4+ Qxc4 26. Nxc4 Bxf3 27. Rd7
Re8 28. Rad2 Be4 29. Rxc7 Rb8 30. Nb6 h6 31. Ra7 Bc6 32. Kf1 f4 33. c4 Re6 34.
Nd5 Kf8 35. Kf2 Re4 36. Nb6 Re7 37. Rxe7 Kxe7 38. Ra2 Ke6 39. Nxa4 Ra8 40. Re2+
Kf6 41. Nb2 Rd8 42. Ke1 g5 43. g3 Rd4 44. Rd2 Rxd2 45. Kxd2 Ke5 46. Nd3+ Kd4
47. gxf4 gxf4 48. Nxf4 Kxc4 49. Nd3 Kd4 50. h4 Be8 51. Nf2 Kxc5 52. Ke3 Kd6 53.
Ng4 h5 54. Nf6 Ke7 55. Ne4 Bg6 56. Ng3 Ke6 57. Kf4 Kf6 58. Ne2 Be8 59. Nc3 Bc6
60. Ne2 Be8 61. Nd4 Bd7 62. Ne2 Be8 1/2-1/2

[Event "Andorra open"]
[Site "Escaldes"]
[Date "2023.07.28"]
[Round "7.1"]
[White "Bilych, Olexiy"]
[Black "Sumets, Andrey"]
[Result "1/2-1/2"]
[WhiteElo "2437"]
[BlackElo "2515"]
[PlyCount "52"]
[EventDate "2023.07.22"]
[EventCountry "AND"]

1. d4 Nf6 2. c4 e6 3. Nc3 Bb4 4. e3 c5 5. Nge2 cxd4 6. exd4 O-O 7. a3 Be7 8. d5
exd5 9. cxd5 Bc5 10. b4 Bd6 11. g3 a5 12. bxa5 Be5 13. Bd2 d6 14. Bg2 Re8 15.
h3 Qxa5 16. O-O Bf5 17. Rc1 Nbd7 18. Bf4 Rac8 19. Bxe5 Nxe5 20. Qb3 Nd3 21.
Rcd1 Nd7 22. Qb5 Qxa3 23. Nd4 Rxc3 24. Nxf5 Nf6 25. Nxd6 Qxd6 26. Rxd3 Rxd3
1/2-1/2

[Event "Andorra open"]
[Site "Escaldes"]
[Date "2023.07.28"]
[Round "7.2"]
[White "Galperin, Platon"]
[Black "Lopez Martinez, Josep Manuel"]
[Result "1/2-1/2"]
[WhiteElo "2566"]
[BlackElo "2458"]
[PlyCount "39"]
[EventDate "2023.07.22"]
[EventCountry "AND"]

1. d4 e6 2. c4 Bb4+ 3. Bd2 Bxd2+ 4. Qxd2 Nf6 5. Nc3 d6 6. e4 O-O 7. Nf3 Nc6 8.
O-O-O Qe7 9. h3 e5 10. dxe5 dxe5 11. Nd5 Nxd5 12. cxd5 Nd8 13. Kb1 f6 14. Bc4
Kh8 15. d6 cxd6 16. Qxd6 Qe8 17. Bb5 Nc6 18. Bc4 Nd8 19. Bb5 Nc6 20. Bc4
1/2-1/2

[Event "Andorra open"]
[Site "Escaldes"]
[Date "2023.07.28"]
[Round "7.3"]
[White "Decuigniere, Tom"]
[Black "Roshka, Yevgeniy"]
[Result "1/2-1/2"]
[WhiteElo "2393"]
[BlackElo "2496"]
[PlyCount "138"]
[EventDate "2023.07.22"]
[EventCountry "AND"]

1. d4 Nf6 2. c4 c5 3. d5 e5 4. Nc3 d6 5. e4 Be7 6. Be2 O-O 7. Nf3 Bg4 8. O-O
Ne8 9. Ne1 Bxe2 10. Qxe2 Bg5 11. Nd3 Nd7 12. a3 Rc8 13. g3 Bxc1 14. Raxc1 g6
15. f4 Qe7 16. Rce1 Ng7 17. f5 h5 18. Qe3 g5 19. Rb1 f6 20. Rfc1 a6 21. b4 b6
22. Na4 Rb8 23. Rb3 Rfc8 24. bxc5 dxc5 25. Rb2 Ne8 26. h4 Qg7 27. hxg5 Qxg5 28.
Qxg5+ fxg5 29. Rcb1 b5 30. Nc3 Nd6 31. cxb5 axb5 32. Nxb5 Nxe4 33. Na7 Rxb2 34.
Rxb2 Ra8 35. Rb7 c4 36. Nb4 Ndf6 37. Nb5 Rc8 38. d6 c3 39. Rc7 Rb8 40. Nxc3
Nxd6 41. Nc6 Rb3 42. Nxe5 Rxa3 43. Rc6 Kg7 44. Rxd6 Rxc3 45. Nd7 Nxd7 46. Rxd7+
Kf6 47. Kg2 Rc2+ 48. Kf3 g4+ 49. Ke3 Rc5 50. Kf2 Rxf5+ 51. Kg2 Ra5 52. Rh7 Ra2+
53. Kg1 Kg5 54. Rh8 Re2 55. Rg8+ Kf5 56. Rh8 Ke4 57. Rxh5 Kf3 58. Rf5+ Kxg3 59.
Rf1 Ra2 60. Rb1 Kh3 61. Rb3+ g3 62. Rb1 Ra3 63. Rc1 g2 64. Rb1 Rf3 65. Ra1 Kg3
66. Ra3 Kg4 67. Ra4+ Kh3 68. Ra1 Kg3 69. Ra3 Rxa3 1/2-1/2

[Event "Andorra open"]
[Site "Escaldes"]
[Date "2023.07.28"]
[Round "7.4"]
[White "Shyaamnikhil, P."]
[Black "Christiansen, Johan-Sebastian"]
[Result "1/2-1/2"]
[WhiteElo "2473"]
[BlackElo "2603"]
[PlyCount "173"]
[EventDate "2023.07.22"]
[EventCountry "AND"]

1. Nf3 d5 2. g3 Nf6 3. Bg2 e6 4. O-O Be7 5. d3 O-O 6. Nbd2 a5 7. a4 Nc6 8. d4
b6 9. c3 Ba6 10. Re1 Na7 11. e4 c5 12. exd5 Nxd5 13. dxc5 Bxc5 14. Nb3 Qc7 15.
Nxc5 bxc5 16. Qc2 h6 17. Ne5 Rab8 18. Bd2 Rfd8 19. Rad1 c4 20. Bc1 Rb6 21. Rd4
Rbd6 22. Qe2 Nc6 23. Nxc6 Qxc6 24. Rg4 Kf8 25. Qe5 f6 26. Qh5 Qe8 27. Qxe8+
Rxe8 28. Rd4 Red8 29. Bxd5 e5 30. b3 Rxd5 31. Rxd5 Rxd5 32. bxc4 Bxc4 33. f4
Kf7 34. fxe5 fxe5 35. Be3 Ke6 36. Kf2 Bb3 37. h3 Kd6 38. Ra1 Kc6 39. Rb1 Bxa4
40. c4 Rd7 41. Rb6+ Kc7 42. Ra6 Rf7+ 43. Ke2 Bb3 44. Rxa5 Bxc4+ 45. Kd2 Rd7+
46. Ke1 Bd5 47. Bc5 Bb7 48. Bb4 e4 49. h4 Kb6 50. Ra3 Ba6 51. Bd2 Rf7 52. Be3+
Kb5 53. Bf4 Kb6 54. Kd2 Rf5 55. Ke3 Bd3 56. Kd4 g5 57. hxg5 hxg5 58. Be3 Kc6
59. Kc3 Rf3 60. Bxg5 Rxg3 61. Be7 Kd5 62. Ra5+ Ke6 63. Bc5 Bf1+ 64. Kd2 Rg5 65.
Bb6 Rg2+ 66. Ke3 Bd3 67. Bc7 Rc2 68. Bf4 Rc4 69. Re5+ Kf6 70. Ra5 Rb4 71. Be5+
Ke6 72. Bc3 Rc4 73. Ra6+ Kd5 74. Ra5+ Kc6 75. Ra6+ Kb7 76. Ra3 Rc8 77. Be5 Re8
78. Bf4 Bb5 79. Rb3 Ka6 80. Rb4 Bc6 81. Bc7 Re6 82. Bf4 Re7 83. Rb2 Rh7 84. Rh2
Rg7 85. Kd4 Rf7 86. Kc5 Rxf4 87. Kxc6 1/2-1/2

[Event "Andorra open"]
[Site "Escaldes"]
[Date "2023.07.28"]
[Round "7.5"]
[White "Cuartas, Jaime Alexander"]
[Black "Kogan, Arthur"]
[Result "1-0"]
[WhiteElo "2526"]
[BlackElo "2482"]
[PlyCount "113"]
[EventDate "2023.07.22"]
[EventCountry "AND"]

1. e4 c5 2. Nf3 e6 3. c4 Nc6 4. Nc3 e5 5. Be2 d6 6. d3 Be7 7. a3 f5 8. exf5
Bxf5 9. O-O Nf6 10. b4 O-O 11. Rb1 b6 12. Bg5 Nd7 13. Be3 Nf6 14. Ng5 Nd4 15.
Nge4 Qe8 16. Nxf6+ Bxf6 17. Bg4 Bg6 18. Bxd4 cxd4 19. Nd5 Rb8 20. Bf3 Qd7 21.
b5 Bg5 22. Qe2 Bf7 23. Nb4 Kh8 24. Bc6 Qf5 25. Be4 Qd7 26. a4 Be6 27. Ra1 Bg4
28. f3 Be6 29. a5 Rf6 30. Nc6 Rbf8 31. axb6 axb6 32. Ra7 Qe8 33. Rfa1 Be3+ 34.
Kh1 Qh5 35. g3 Bf5 36. Bd5 e4 37. dxe4 Bh3 38. e5 dxe5 39. Ra8 g6 40. Nb4 Qg5
41. Nd3 h5 42. c5 bxc5 43. b6 e4 44. Bxe4 c4 45. b7 cxd3 46. Qb2 Qe5 47. b8=Q
Rxb8 48. Qxb8+ Qxb8 49. Rxb8+ Kg7 50. Ra7+ Rf7 51. Rxf7+ Kxf7 52. Bxd3 Be6 53.
h4 Bf5 54. Bxf5 gxf5 55. Kg2 d3 56. Rd8 d2 57. f4 1-0

[Event "Andorra open"]
[Site "Escaldes"]
[Date "2023.07.28"]
[Round "7.6"]
[White "Almeida Quintana, Omar"]
[Black "Defromont, Benjamin"]
[Result "1/2-1/2"]
[WhiteElo "2508"]
[BlackElo "2445"]
[PlyCount "51"]
[EventDate "2023.07.22"]
[EventCountry "AND"]

1. d4 Nf6 2. c4 e6 3. Nf3 c5 4. d5 exd5 5. cxd5 d6 6. Nc3 g6 7. h3 Bg7 8. e4
O-O 9. Bd3 b5 10. Nxb5 Re8 11. O-O Nxe4 12. Re1 a6 13. Qa4 Nd7 14. Rxe4 Rxe4
15. Qxe4 Nf6 16. Qh4 axb5 17. Bxb5 Qb6 18. a4 Nxd5 19. Bh6 Ba6 20. Bxg7 Kxg7
21. Bxa6 Qxa6 22. Qe4 Nf6 23. Qc2 Qa5 24. b3 Qb4 25. Rd1 c4 26. Qxc4 1/2-1/2

[Event "Andorra open"]
[Site "Escaldes"]
[Date "2023.07.28"]
[Round "7.7"]
[White "Arizmendi Martinez, Julen Luis"]
[Black "Arpan, Das (Jr)"]
[Result "1/2-1/2"]
[WhiteElo "2501"]
[BlackElo "2365"]
[PlyCount "53"]
[EventDate "2023.07.22"]
[EventCountry "AND"]

1. e4 c6 2. d4 d5 3. e5 c5 4. c3 Nc6 5. Be2 Bf5 6. Nf3 e6 7. O-O Bg4 8. Nbd2
Nh6 9. dxc5 Bxc5 10. Nb3 Bb6 11. Bxh6 gxh6 12. Nfd4 Bxe2 13. Qxe2 Rg8 14. Rad1
Qe7 15. Kh1 Nxd4 16. cxd4 O-O-O 17. f4 Kb8 18. Rd3 Rc8 19. Rh3 Rc4 20. Rxh6 a5
21. Rxh7 a4 22. Nd2 Rxd4 23. g3 Qb4 24. Nf3 Re4 25. Qd2 Qb5 26. Rd1 Re3 27. Ng5
1/2-1/2

[Event "Andorra open"]
[Site "Escaldes"]
[Date "2023.07.28"]
[Round "7.8"]
[White "Lubbe, Nikolas"]
[Black "Vestby-Ellingsen, Mads"]
[Result "1-0"]
[WhiteElo "2501"]
[BlackElo "2358"]
[PlyCount "115"]
[EventDate "2023.07.22"]
[EventCountry "AND"]

1. d4 Nf6 2. Nf3 d5 3. c4 e6 4. e3 b6 5. b3 Bd6 6. Bd3 O-O 7. O-O Bb7 8. cxd5
exd5 9. Ba3 c5 10. Nc3 Nbd7 11. Rc1 a6 12. Bf5 Rc8 13. Qc2 Qe7 14. Rfd1 cxd4
15. Bxd6 Qxd6 16. Rxd4 Rc7 17. Bxd7 Qxd7 18. Rdd1 Rfc8 19. Qb2 Qe7 20. h3 h6
21. Nd4 Qb4 22. a3 Qe7 23. Nce2 Rxc1 24. Rxc1 Rxc1+ 25. Nxc1 g6 26. Nce2 Qd6
27. b4 Nd7 28. Nf3 Qc7 29. Nf4 Qd6 30. Qc3 Qc6 31. Qd2 Qc4 32. Qb2 Qc7 33. h4
Qd6 34. Qc3 Qc6 35. Qd2 Qc4 36. Qb2 Qc7 37. h5 g5 38. Ne2 Bc8 39. Ng3 Qd8 40.
Nf5 Qf8 41. Qc2 Kh8 42. Nxh6 Nf6 43. Nxf7+ Qxf7 44. Qxc8+ Kg7 45. Nxg5 Qxh5 46.
Qb7+ Kg8 47. Nf3 Qf5 48. Qxa6 Qb1+ 49. Qf1 Qa2 50. Qc1 Ne4 51. Qc8+ Kg7 52.
Qg4+ Kf8 53. Qf5+ Ke7 54. Nd4 Nd2 55. Qe6+ Kf8 56. Qf6+ Ke8 57. Nf5 Kd7 58.
Qe7+ 1-0

[Event "Andorra open"]
[Site "Escaldes"]
[Date "2023.07.28"]
[Round "7.9"]
[White "Rasmussen, Allan Stig"]
[Black "Palacios Herrero, Pablo"]
[Result "1-0"]
[WhiteElo "2531"]
[BlackElo "2197"]
[PlyCount "75"]
[EventDate "2023.07.22"]
[EventCountry "AND"]

1. c4 e6 2. d4 d5 3. a3 h6 4. Nc3 Nf6 5. Nf3 c6 6. e3 Bd6 7. Qc2 O-O 8. Be2
Nbd7 9. O-O dxc4 10. Bxc4 e5 11. h3 Re8 12. Ba2 exd4 13. Nxd4 Qa5 14. Nf5 Be5
15. b4 Qc7 16. f4 Bxc3 17. Qxc3 Nb6 18. Nxh6+ Kf8 19. Nxf7 Nbd5 20. Ne5 Bf5 21.
Qe1 Rxe5 22. fxe5 Qxe5 23. Bb2 Qxb2 24. Bxd5 Bxh3 25. Qc1 Qxc1 26. Raxc1 Bd7
27. Bf3 Re8 28. Kf2 a6 29. Rfd1 Ke7 30. Rc5 Rc8 31. Ke2 Rh8 32. Rg5 Kf7 33. e4
Be6 34. Ke3 Bb3 35. Rd6 Be6 36. e5 Ne8 37. Rd8 Rh1 38. Bh5+ 1-0